BEN KAZANMADAN BİTMEZ (Record no. 1212610)

MARC details
000 -LEADER
sabit uzunluktaki kontrol alanı 00251nam a2200097Ia 4500
001 - KONTROL NUMARASI
kontrol alanı 1212610
005 - EN SON İŞLEMİN TARİH VE ZAMANI
kontrol alanı 20250827024458.0
008 - SABİT-UZUNLUKTA VERİ ÖĞELERİ--GENEL BİLGİ
sabit uzunluktaki kontrol alanı 250824s9999 xx 000 0 und d
245 #0 - ESER / YAZAR
ESER ADI BEN KAZANMADAN BİTMEZ
Yazar Adı BİRCAN YILDIRIM
260 ## - YAYIN, DAĞITIM, VB.
YAYIN EVİ DESTEK YAYINLARI
Holdings
Düşüm durumu Kayıp durumu Hasar Durumu Ödünç verilmez Ana kütüphane Geçerli Kütüphane Edinilen tarih Toplam ödünç verme sayısı Barkod Son görüntüleme tarihi Fiyatın geçerli olmaya başladığı tarih Koha materyal türü
        TOPLUM RUH SAĞLIĞI MERKEZİ KÜTÜPHANESİ TOPLUM RUH SAĞLIĞI MERKEZİ KÜTÜPHANESİ 24.08.2025   110322907 27.08.2025 27.08.2025 Books